12両編成以上の列車が乗り入れる鉄道路線 - Statistics

General Stats
  • This quiz has been taken 1,166 times
  • The average score is 20 of 25
Answer Stats
会社 路線名 区間 % Correct
JR東日本 東海道本線 15 東京~熱海、品鶴線
99%
JR西日本 東海道本線 12 米原~神戸
99%
JR東日本 東北本線 15 東京~尾久~宇都宮
98%
JR東日本 東北新幹線 17 東京~盛岡
96%
JR東海 東海道新幹線 16 全線
94%
JR西日本 山陽本線 12 神戸~上郡
93%
JR東日本 総武本線 15 東京~佐倉
92%
JR東日本 中央本線 12 神田~代々木、新宿~塩尻
92%
JR東日本 高崎線 15 大宮~籠原
90%
JR西日本 山陽新幹線 16 全線
89%
JR東日本 北陸新幹線 12 全線
88%
JR東日本 常磐線 15 日暮里~土浦
88%
JR東日本 横須賀線 15 大船~逗子
88%
JR西日本 北陸新幹線 12 全線
88%
JR東日本 上越線支線 12 全線
87%
JR東日本 上越新幹線 12 全線
86%
JR東日本 成田線 15 佐倉~成田空港
75%
JR東日本 山手線 15 全線
72%
JR東日本 外房線 15 千葉~上総一ノ宮
72%
JR東日本 内房線 15 蘇我~君津
72%
JR西日本 湖西線 12 山科~近江今津
71%
私鉄 京急本線 12 品川~金沢文庫
66%
JR東日本 青梅線 12 立川~青梅
55%
JR東日本 篠ノ井線 12 塩尻~松本
41%
私鉄 黒部峡谷鉄道本線 13 全線
15%
No matching quizzes found
Score Distribution
Percent of People with Each Score
Percentile by Number Answered
Your Score History
You have not taken this quiz